| 000 | 00630nam a2200229 a 4500 | ||
|---|---|---|---|
| 005 | 20210219152946.0 | ||
| 008 | 991125n 000 0 u | ||
| 035 | _aUPN01000068934 | ||
| 100 | _aYELO, María Soledad | ||
| 222 |
_aESCUELA ESPAÑOLA : _bPERIODICO PROFESIONAL DE EDUCACION |
||
| 245 | _aConflictiva evaluación en la ESO | ||
| 300 | _a11 | ||
| 362 | _a1993 Año 53, no. 3148, jun. 10 | ||
| 440 | 0 | _a947 | |
| 653 | 0 | _aDISEÑO CURRICULAR | |
| 653 | 0 | _aEDUCACION SECUNDARIA | |
| 653 | 0 | _aEVALUACION EDUCATIVA | |
| 653 | 0 | _aLOGSE | |
| 653 | 0 | _aPRACTICA DOCENTE | |
| 904 |
_aAC _b006745 |
||
| 905 | _aArticulo | ||
| 999 |
_c64760 _d64760 |
||